000 00328 a2200145 4500
001 180658
020 _a
040 _cMagnum
100 _aPadilla, Gilda Figueiredo
240 1 0 _aOs tamanquinhos de ouro
_lpor
245 1 0 _aOs tamanquinhos de ouro
362 0 _a1899
697 _aMAGNITO: IJ/FADAS, FANTASIA
942 _cBK
999 _c180658
_d180658